00793nam a2200181 a 450000100100000000500170001000800410002704000250006810000350009324501320012826000440026030000270030470000380033104900090036995201050037895201110048399900170059400002810920200930031345.0110406s1990 dr a 000 0 spa d aDO-SdBNPbspacBNPHU1 aChanlatte Baik, Luis A.93249313aLa nueva arqueología de Puerto Rico :bsu proyecciónn en las Antillas /cLuis A. Chanlatte Baik, Yvonne M. Narganes Storde. aSanto Domingo :bEditora Taller,c1990. a49 p. :bil. ;c23 cm.1 aNarganes Storde, Yvonne M.955117 aBNPD 0010718PDaPDbPDcCTd2011-04-06iLF1l0o p28109-10r2020-06-25w2020-06-25yLFPDZNo se presta 0010718PDaPDbPDcCTd2011-04-06iLF1l0o p28109-20r2020-06-25te. 2w2020-06-25yLFPDZNo se presta c27601d27601